| 000 | 00376nam a2200145Ia 4500 | ||
|---|---|---|---|
| 008 | 230917s9999||||xx |||||||||||||| ||und|| | ||
| 040 |
_e155999 _aMAIN |
||
| 041 | _aEnglish | ||
| 082 | _a514 K863G | ||
| 100 | _aKrantz, Steven G | ||
| 245 | 0 | _aGuide to topology | |
| 260 |
_aWashington D C _bMathematical Association of America _c2009 |
||
| 300 | _aix, 107 p. | ||
| 942 | _cBK | ||
| 999 |
_c143010 _d143010 |
||